Statistics for Country to Language #1

Click here to take the quiz!

General Stats

  • This quiz has been taken 28 times
  • The average score is 8 of 12

Answer Stats

CountryLanguage% Correct
IndiaHindi, English
100%
AlgeriaArabic, Berber
88%
HaitiFrench, Haitian Creole
83%
South AfricaEnglish, Zulu, +9 others
75%
BelizeEnglish
71%
SingaporeMalay, Mandarin, +2 others
71%
AfghanistanPashto, Dari
67%
ComorosComorian, French, Arabic
58%
TurkmenistanTurkmen
58%
EthiopiaAmharic, Oromo, +3 others
54%
SurinameDutch
54%
BhutanDzongkha
54%

Score Distribution

Percentile by Number Answered

Percent of People with Each Score

Your Score History

You have not taken this quiz